00434nam a22001457a 4500003000400000005001700004008004100021020001500062050002400077100002500101245007000126260005400196300003000250521000800280OSt20140311163000.0130212t xxu||||| |||| 00| 0 eng d a9710605283 aLB 2369b.Aq56 2000 aAquino, Gaudencio V. aEssentials of research and thesis writing /cGaudencio V. Aquino. aQuezon City : bPhoenix Publishing House, c1971. a196 p. :bill. ; c25 cm. aEDU